000 00261nam a22001217a 4500
020 _a978817693852-5
082 _a823
_bBPI
100 _aBPI INDIA
245 _aBEAUTY AND THE BEAST
260 _aBPI INDIA
650 _aENGLISH SHORT STORY
_zKERALA
942 _cBK
999 _c3498
_d3498